Problemet e përgjithshme të ruajtjes dhe konservimit të materialit bibliotekar / (Record no. 95)
[ view plain ]
| 000 -LEADER | |
|---|---|
| fixed length control field | 00593nam a22001697a 4500 |
| 008 - FIXED-LENGTH DATA ELEMENTS--GENERAL INFORMATION | |
| fixed length control field | 131010b xxu||||| |||| 00| 0 alb d |
| 020 ## - INTERNATIONAL STANDARD BOOK NUMBER | |
| International Standard Book Number | 9951130151 |
| 041 0# - LANGUAGE CODE | |
| Language code of text/sound track or separate title | alb |
| 080 ## - UNIVERSAL DECIMAL CLASSIFICATION NUMBER | |
| Universal Decimal Classification number | 025.7/.9 |
| 245 00 - TITLE STATEMENT | |
| Title | Problemet e përgjithshme të ruajtjes dhe konservimit të materialit bibliotekar / |
| Statement of responsibility, etc | Bedrije Mekolli. |
| 260 ## - | |
| -- | Prishtinë : |
| -- | [Biblioteka Kombëtare dhe Universitare e Kosovës] ; |
| -- | 2005 |
| 300 ## - | |
| -- | 44 f. : |
| -- | me il.; |
| -- | 19 cm. |
| 650 #0 - | |
| -- | Librat |
| -- | Ruajtja dhe restaurimi |
| 700 ## - | |
| -- | Biblioteka Kombëtare dhe Universitare e Kosovës |
| 700 ## - | |
| -- | Mekolli, Bedrije |
| 942 ## - ADDED ENTRY ELEMENTS (KOHA) | |
| Source of classification or shelving scheme | |
| Item type | Books |
| Withdrawn status | Lost status | Source of classification or shelving scheme | Damaged status | Not for loan | Collection code | Permanent location | Current location | Shelving location | Date acquired | Total Checkouts | Full call number | Barcode | Date last seen | Koha item type |
|---|---|---|---|---|---|---|---|---|---|---|---|---|---|---|
| Koleksioni i përgjithshem | UBT - Prishtine | UBT - Prishtine | Koleksioni i përgjithshem | 10/10/2013 | 025.7/.9 PRO | 001-000094 | 10/10/2013 | Books | ||||||
| Koleksioni i përgjithshem | UBT - Prishtine | UBT - Prishtine | Koleksioni i përgjithshem | 10/10/2013 | 025.7/.9 PRO | 001-000095 | 10/10/2013 | Books | ||||||
| Koleksioni i përgjithshem | UBT - Prishtine | UBT - Prishtine | Koleksioni i përgjithshem | 10/10/2013 | 025.7/.9 PRO | 001-000096 | 10/10/2013 | Books | ||||||
| Koleksioni i përgjithshem | UBT - Prishtine | UBT - Prishtine | Koleksioni i përgjithshem | 10/10/2013 | 025.7/.9 PRO | 001-000097 | 10/10/2013 | Books | ||||||
| Koleksioni i përgjithshem | UBT - Prishtine | UBT - Prishtine | Koleksioni i përgjithshem | 10/10/2013 | 025.7/.9 PRO | 001-000098 | 10/10/2013 | Books | ||||||
| Koleksioni i përgjithshem | UBT - Prishtine | UBT - Prishtine | Koleksioni i përgjithshem | 10/10/2013 | 025.7/.9 PRO | 001-000099 | 10/10/2013 | Books | ||||||
| Koleksioni i përgjithshem | UBT - Prishtine | UBT - Prishtine | Koleksioni i përgjithshem | 10/10/2013 | 025.7/.9 PRO | 001-000100 | 10/10/2013 | Books |